Statistiques concernant Pays sans 1/2 lettres #4 (amérique du sud)

Cliquez ici pour prendre le quiz!

Statistiques générales

  • Ce quiz a été pris 184 fois
  • Le résultat moyen est 12 sur 12

Statistiques - réponses

Sans 1/2 lettresRéponse% Correct
P_r_uPérou
100%
U_u_u_yUruguay
100%
B_l_v_eBolivie
99%
C_i_iChili
99%
P_r_g_a_Paraguay
99%
V_n_z_e_aVenezuela
99%
A_g_n_i_eArgentine
98%
E_u_t_u_Equateur
98%
B_é_i_Brésil
95%
S_r_n_m_Suriname
94%
C_l_m_i_Colombie
93%
G_y_n_Guyana
90%

Distribution des résultats

Percentile par nombre de réponses

% des personnes avec chaque résultat

Votre développement - résultats

Vous n’avez pas pris ce quiz